Statistics for Country to Capital #2

Click here to take the quiz!

General Stats

  • This quiz has been taken 64 times
  • The average score is 12 of 15

Answer Stats

CountryCapital% Correct
GreeceAthens
100%
AustraliaCanberra
98%
IrelandDublin
98%
FinlandHelsinki
98%
MexicoMexico City
98%
ColombiaBogota
95%
United States of AmericaWashington D.C.
95%
United Arab Emirates [UAE]Abu Dhabi
90%
SlovakiaBratislava
90%
SenegalDakar
79%
NicaraguaManagua
74%
CambodiaPhnom Penh
74%
LesothoMaseru
52%
MalawiLilongwe
50%
Marshall IslandsMajuro
45%

Score Distribution

Percentile by Number Answered

Percent of People with Each Score

Your Score History

You have not taken this quiz